00926nam a2200241 i 45000010005000000030009000050050017000140080041000310200018000720800014000901000027001042450099001312600032002303000038002624900044003005000066003446000027004107000036004378300052004738520022005259990015005479520122005627181ES-MaACL20230906145158.0901005s1990 sp |||| |aspa d a84-85762-76-2 a82-94"19"1 aConrad, Joseph.94021710aCrónica personal b: (remembranzas) / cJoseph Conrad ; edición de Miguel Martínez-Lage. aMadrid : bTrieste, c1990. a197 p., [8] p. de fot. ; c22 cm.1 aBiblioteca de autores extranjeros ; v8 aJoseph Conrad es seud. de Theodor Joseph Konrad Korzeniowski.14aConrad, Joseph.9402171 aMartínez-Lage, Miguel.9781710 aBiblioteca de autores extranjeros ; v89227868 aES-MaACLjL-14347 c7181d7181 00104070aATENEOMbATENEOMcDEPO2d2008-01-17eSCl0oL-14347p1007319r2023-02-23 00:00:00w2023-02-23yMONOGRAFIA